Electrónica digital : lógica digital integrada, teoría, problemas y simulación /

Contenido: 1) Introducción a la lógica digital; 2) Circuitos combinacionales; 3) Circuitos secuenciales: biestables; 4) Circuitos secuenciales: sistemas asíncronos; 5) Circuitos secuenciales: sistemas síncronos; 6) Circuitos secuenciales: registros y contadores; 7) Relojes y temporizadores; 8) Memor...

Description complète

Enregistré dans:
Détails bibliographiques
Autres auteurs: Acha Alegre, Santiago Emilio (coordinación) (coordinación)
Format: Livre
Langue:espagnol
Publié: México : Alfaomega, 2007, c2007
Sujets:
Tags: Ajouter un tag
Pas de tags, Soyez le premier à ajouter un tag!

MARC

LEADER 00000nam^a2200000^a^4500
001 000263858
005 20250521000000.0
009 20260310110628.342
020 |a 978-970-15-1245-6 
037 |a Acervo ITESO - Biblioteca 
041 |a ESP 
082 |a 621. 395  |b ELE 
245 0 0 |a Electrónica digital :  |b lógica digital integrada, teoría, problemas y simulación /  |c Coord. de S.E. Acha Alegre... [et al.]. 
264 4 |a México :  |b Alfaomega,  |c 2007, c2007 
300 |a XXXVI, 384 p. +  |e 1 disco compacto de computadora 
336 |a texto  |b txt  |2 rdacontenido 
337 |a sin mediación  |b n  |2 rdamedio 
338 |a volumen  |b nc  |2 rdasoporte 
520 |a Contenido: 1) Introducción a la lógica digital; 2) Circuitos combinacionales; 3) Circuitos secuenciales: biestables; 4) Circuitos secuenciales: sistemas asíncronos; 5) Circuitos secuenciales: sistemas síncronos; 6) Circuitos secuenciales: registros y contadores; 7) Relojes y temporizadores; 8) Memorias de semiconductores; 9) Dispositivos lógicos programables (PLD’S); 10) Introducción a la síntesis con VHDL. Apéndices. 
649 |a XX 
650 |a Dispositivos Lógicos Programables 
650 |a Circuitos Digitales Combinacionales 
650 |a Circuitos Digitales Secuenciales 
650 |a VHDL 
650 |a Electrónica Digital -  |x Tema Principal 
650 |a Ingeniería Computacional 
650 |a Ingeniería Electrónica 
700 |a Acha Alegre, Santiago Emilio  |e (coordinación) 
910 |a Fondo General 
920 |a Impresos - Libros 
930 |a Colección General 
905 |a 101 
901 |a 0500145200  |b IT1  |c ACC  |u 20250521 
901 |a 0500145046  |b IT2  |c SWS  |u 20250521 
902 |a https://opac.biblio.iteso.mx/vufind/Record/000263858